Juvenile and Family Court Journal

Detalles Bibliográficos
Formato: eBook
Lenguaje:inglés
Publicado: Hoboken: Wiley, 1949 -
Materias:
Acceso en línea:Acceso restringido

MARC

LEADER 00000nam a22000007a 4500
005 20210405221426.0
007 cr|||| x|||
008 210405c19499999us ar|w s|||| 0|||b1eng d
022 |a 0161-7109 
035 |a 32909 
040 |a vLex 
090 |c 11393  |d 11393 
245 0 0 |a Juvenile and Family Court Journal  |h [Recurso electrn̤ico] / 
256 |a Servicio en ln̕ea 
260 |a Hoboken:  |b Wiley,  |c 1949 - 
300 |a 1 recurso electrn̤ico 
310 |a Anual 
362 |a Nð 1-1 (Sep. 1949) - 
506 1 |a Disponible solo en los productos indicados  |d vLex Global  |d vLex Global (Academic Edition, excluding Law Schools)  |d vLex Global (Academic Edition, Law Schools) 
650 0 4 |a Derecho Constitucional  |z Estados Unidos 
740 0 |a vLex Revistas (Servicio en ln̕ea) 
856 4 0 |u https://vlex.com/source/32909  |z Acceso restringido 
942 |c REV 
999 0 |a Constitutional right